000 00568nam a2200241Ia 4500
005 20260306150703.0
008 008 260114s9999 xx 000 0 eng d
020 _a9781503617902
037 _aEbook
040 _aCRL
040 _beng
040 _cCRL
041 _2eng
041 _aeng
084 _qCRL
245 0 _aTales from the Freudian Crypt
260 _bStanford University Press
260 _c2000
650 _aSocial Sciences
856 _uhttps://www.degruyter.com/isbn/9781503617902
942 _cEBOOK
999 _c1698783
_d1698783